| 000 | 00664nam a2200229 i 4500 | ||
|---|---|---|---|
| 001 | 77895 | ||
| 003 | ES-MaACL | ||
| 005 | 20230906173433.0 | ||
| 007 | t| | ||
| 008 | 041115s1975 sp ||||1| spa d | ||
| 020 | _a84-85029-20-8 | ||
| 080 | _a32(46)"1939/..."(04) | ||
| 100 | 1 |
_aAlcocer, José Luis. _919562 |
|
| 245 | 1 | 0 |
_aDesde la derecha / _cJosé Luis Alcocer. |
| 260 |
_a[Madrid] : _bÍndice, _c[1975] |
||
| 300 |
_a260 p. ; _c21 cm. |
||
| 490 | 1 |
_aColección Unamuno ; _v10 |
|
| 651 | 4 |
_aEspaña- _xHistoria- _y1939-1975, Dictadura. _9167928 |
|
| 830 | 1 |
_aColección Unamuno ; _v10 _9183570 |
|
| 852 |
_aES-MaACL _jE-10366 |
||
| 999 |
_c77895 _d77895 |
||